000 00481cam a22001337a 4500
008 180718b2003 xxu||||| |||| 00| 0 eng d
100 _aPitt, Mark M.
245 _aDoest micro-credit empower women?: evidence from Bangladesh
_cby Mark M. Pitt, Shahidur R. Khandker and Jennifer Cartwright
260 _aWashington, D.C.
_bWorld Bank
_c2003
300 _a54p.
440 _aPolicy research working paper; no. 2998
700 _aCartwright, Jennifer
700 _aKhandker, Shahidur R.
999 _c289421
_d289421